Quel est ce club. - Statistiques

Statistiques générales
  • Ce quiz a été pris 189 fois
  • Le résultat moyen est 11 sur 12
Statistiques - réponses
Par images Réponse % Correct
Manchester city
100%
Manchester united
100%
PSG
99%
AC Milan
96%
Chelsea
96%
Liverpool
96%
FC Barcelone
94%
Real Madrid
94%
Olympique de Marseille (OM)
93%
Al-Nassr
91%
Stade de Rennais
91%
Santos FC
52%
Aucun quiz correspondant
Distribution des résultats
% des personnes avec chaque résultat
Percentile par nombre de réponses
Votre historique - résultats
Vous n’avez pas pris ce quiz